|
|
|
|
| LEADER |
00000nam0a2200000 4500 |
| 001 |
47012 |
| 005 |
20231031025432.0 |
| 035 |
|
|
|a (RuTPU)RU\TPU\book\49103
|
| 090 |
|
|
|a 47012
|
| 100 |
|
|
|a 20030130d1971 m y0rusy50 ca
|
| 101 |
0 |
|
|a rus
|
| 102 |
|
|
|a RU
|
| 105 |
|
|
|a a j 000zy
|
| 200 |
1 |
|
|a Структурная геология
|e учебное пособие для вузов
|f В. В. Белоусов
|
| 205 |
|
|
|a 2-е изд., перераб. и доп.
|
| 210 |
|
|
|a Москва
|c Изд-во МГУ
|d 1971
|
| 215 |
|
|
|a 277 с.
|c ил.
|
| 451 |
|
1 |
|0 (RuTPU)RU\TPU\book\45434
|t Структурная геология
|o учебное пособие
|f В. В. Белоусов
|e 3-е изд., перераб. и доп.
|c М.
|n Изд-во МГУ
|d 1986
|p 248 с.
|a Белоусов, Владимир Владимирович
|
| 453 |
|
1 |
|0 (RuTPU)RU\TPU\book\129811
|t Структурная геология
|l Geologie structurale
|f В. В. Белоусов
|c Москва
|n Мир
|d 1974
|p 297 с.
|a Белоусов, Владимир Владимирович
|
| 610 |
1 |
|
|a структурная геология
|
| 610 |
1 |
|
|a горные породы
|
| 610 |
1 |
|
|a твердые тела
|
| 610 |
1 |
|
|a деформация
|
| 610 |
1 |
|
|a разрушение
|
| 610 |
1 |
|
|a дислокация
|
| 610 |
1 |
|
|a вулканические породы
|
| 610 |
1 |
|
|a залегание
|
| 610 |
1 |
|
|a интрузивные породы
|
| 610 |
1 |
|
|a магматические породы
|
| 610 |
1 |
|
|a тектонические поля
|
| 610 |
1 |
|
|a учебные пособия
|
| 675 |
|
|
|a 551.241(075.8)
|v 3
|
| 700 |
|
1 |
|a Белоусов
|b В. В.
|g Владимир Владимирович
|
| 801 |
|
1 |
|a RU
|b 63413507
|c 20030130
|g PSBO
|
| 801 |
|
2 |
|a RU
|b 63413507
|c 20200930
|g PSBO
|
| 942 |
|
|
|c BK
|